Регионална библиотека "Любен Каравелов" - Русе

Българският пуризъм от Освобождението до Втората световна война (1878-1939 г.) (Запис номер 348291)

MARC детайли
000 -Лидер
Контролно поле с фиксирана дължина nam a22 7a 4500
003 - Код на организацията, давaща контролен номер
Контролно поле BLK
005 - Дата и час на последна редакция
Контролно поле 20201007040641.0
008 - Елементи от данни с фиксирана дължина
fixed length control field 200128b bu ||||| |||| 00| 0 bu d
020 ## - Международен стандартен номер на книга ISBN
Международен стандартен номер на книга ISBN 9786192012731
040 ## - Източник на каталожния запис
Идентификатор на билиотеката - собственик на записа BLK
041 ## - Код за език
Код за езика на текст/звукозапис или на отделно заглавие Български
Код за езика КДБФ Български
080 ## - УДК
Текстов определител УДК Български език
УДК код - определител по УДК 811.163.2
УДК определител '271
УДК - код + определител 811.163.2'271
100 ## - Редна дума - Автор
Автор Колева-Иванова, Камелия Валериева
Авторска отговорност първи автор
R(LIN) 1299
139 ## - Редно поле
Редна дума Колева-Иванова, Камелия Валериева
Авторски знак Колев - К 78
245 ## - Сведения за заглавието
Заглавие Българският пуризъм от Освобождението до Втората световна война (1878-1939 г.)
Редно поле (дума) Камелия Колева-Иванова ; науч. ред. Ивелина Савова
260 ## - Област на издателските данни
9 (RLIN) 209419
Място на издаване, разпространение и проч. Шумен
Име на издателя, разпространителя и проч. Унив. изд. Епископ Константин Преславски
Година на издаване 2019
Издателство - префикс ISBN 978-619-201- ; 978-954-577-
300 ## - Физическа характеристика
Страници 251 с.
Размери/Мащаб 20 см
380 ## - Жанр
Жанр Езикознание. Филология
504 ## - Забележка за наличие на библиография и др
Забележка за наличие на библиография и под. Библиогр.: с. 241-250
650 #0 - Допълнително описание по предмет – тема
9 (RLIN) 258827
Основно описание – тема или топоним Български език - чужди думи
650 #0 - Допълнително описание по предмет – тема
9 (RLIN) 257396
Основно описание – тема или топоним Български език - социолингвистика
653 #7 - Ключова дума – ненормативна
9 (RLIN) 182679
Ключова дума български език
653 #7 - Ключова дума – ненормативна
9 (RLIN) 194940
Ключова дума пуризъм
653 #7 - Ключова дума – ненормативна
9 (RLIN) 200745
Ключова дума чужди думи
700 ## - Други автори (авторска отговорност)
9 (RLIN) 695
Лично име Савова, Ивелина Костова
Автороска отговорност (Описва отношението между автора и произведението) науч. ред.
852 ## - Местоположение
Фондова буква Заемна - подръчен фонд
Систематично-азбучна сигнатура П 808.67/К 78
852 ## - Местоположение
Фондова буква Читалня
Систематично-азбучна сигнатура Ч 808.67/К 78
999 ## - СИСТЕМНИ КОНТРОЛНИ НОМЕРА
Koha biblionumber 348291
Koha biblioitemnumber 348291
942 ## - АРТИКУЛИ
Вид на библиотечния материал Книги
Скрит в OPAC Не
Периодичен библиозапис Да
Наличности
Код за отписване Код за изгубен артикул Източник на класификационната схема Код за повреда Код за отдаване Артикулен № Име на библиотеката - собственик Име на библиотеката, в която се намира в момента Статус (Текущо местоположение) Дата на вписване в системата Местоположение - отдел Цена в лева Систематично азбучна сигнатура Баркод Цена в евро Служебен тип на артикула Коз за рестрикции
  Не е изгубен Universal Decimal Classification Не е повреден заемане за дома 755434 Регионална библиотека "Любен Каравелов" Русе Регионална библиотека "Любен Каравелов" Русе Заемна - подръчен фонд 2020-02-07 Заемна - подръчен фонд 12.00 П 808.67/К 78 120000842105 6.14 Книги  
  Не е изгубен Universal Decimal Classification Не е повреден ползва се в читалня 755435 Регионална библиотека "Любен Каравелов" Русе Регионална библиотека "Любен Каравелов" Русе Читалня 2020-02-07 Читалня 12.00 Ч 811.163.2/К 78 120000842101 6.14 Книги само за читалня
Vip Innovations Ltd, Rousse, Bulgaria 2025